| 000 | 00573 a2200157 4500 | ||
|---|---|---|---|
| 020 | _a0486612724 | ||
| 040 |
_aDLC _bDLC |
||
| 245 | 0 | 0 |
_aHandbook of mathematical functions: with formulas, graphs, and mathematical tables _bwith formulas, graphs, and mathematical tables _cedited by Milton Abramowitz and Irene A. Stegun |
| 260 |
_aNew York : _bDover Publications _c1972. |
||
| 300 |
_a1046 p. : _bill. ; _c27 cm. |
||
| 650 | 0 | _aFunctions. | |
| 650 | 0 | _aMathematics | |
| 700 | 1 |
_aAbramowitz, Milton, _d1915-1958. |
|
| 700 | 1 | _aStegun, Irene A. | |
| 942 |
_cBK _k517.5083 ABR _2ddc |
||
| 999 |
_c9510 _d9510 |
||